Catálogo público

Fisicoquímica / (Record no. 171794)

MARC details
000 -CABECERA
campo de control de longitud fija 00803nam a2200277Ia 4500
001 - NÚMERO DE CONTROL
campo de control dia_1252
003 - IDENTIFICADOR DEL NÚMERO DE CONTROL
campo de control CHAP
005 - FECHA Y HORA DE LA ÚLTIMA TRANSACCIÓN
campo de control 20221129172723.0
007 - CAMPO FIJO DE DESCRIPCIÓN FÍSICA--INFORMACIÓN GENERAL
campo de control de longitud fija ta
008 - DATOS DE LONGITUD FIJA--INFORMACIÓN GENERAL
campo de control de longitud fija 220117s1976 mx ad f 001 0 spa d
010 ## - NÚMERO DE CONTROL DE LA BIBLIOTECA DEL CONGRESO
Número de control de LC 171794
040 ## - FUENTE DE LA CATALOGACIÓN
Centro/agencia transcriptor CHAP
082 ## - NÚMERO DE LA CLASIFICACIÓN DECIMAL DEWEY
Número de clasificación 541 C3
100 1# - ENTRADA PRINCIPAL--NOMBRE DE PERSONA
Nombre de persona Castellan, Gilbert W.
9 (RLIN) 20035
245 10 - MENCIÓN DE TÍTULO
Título Fisicoquímica /
Mención de responsabilidad, etc. Gilbert W. Castellan
260 ## - PUBLICACIÓN, DISTRIBUCIÓN, ETC.
Lugar de publicación, distribución, etc. México :
Nombre del editor, distribuidor, etc. Fondo Educativo Interamericano,
Fecha de publicación, distribución, etc. 1976
300 ## - DESCRIPCIÓN FÍSICA
Extensión 835 páginas
500 ## - NOTA GENERAL
Nota general El ejemplar.4, se perdió y se repuso con una fotocopia
503 ## - NOTA DE HISTORIA BIBLIOGRÁFICA (BK CF MU) [OBSOLETO]
Nota de historia bibliográfica C/e, la c.5, donada
650 13 - PUNTO DE ACCESO ADICIONAL DE MATERIA--TÉRMINO DE MATERIA
Término de materia o nombre geográfico como elemento de entrada Fisicoquímica
9 (RLIN) 41125
650 10 - PUNTO DE ACCESO ADICIONAL DE MATERIA--TÉRMINO DE MATERIA
Término de materia o nombre geográfico como elemento de entrada Chemistry, physical and theoretical
9 (RLIN) 150372
901 ## - ELEMENTOS DE DATOS A LOCAL LDA (RLIN)
a 541 C3
902 ## - ELEMENTOS DE DATOS B LOCAL, LDB (RLIN)
a M
905 ## - ELEMENTOS DE DATOS E LOCAL, LDE (RLIN)
a 0000001976 MX A 0000000000SPA00
942 ## - ELEMENTOS DE PUNTO DE ACCESO ADICIONAL (KOHA)
Tipo de ítem Koha Libro
Fuente del sistema de clasificación o colocación Dewey Decimal Classification
Holdings
Estado de retiro Estado de pérdida Fuente del sistema de clasificación o colocación Estado dañado Restricciones de uso No para préstamo Código de colección Localización permanente Ubicación/localización actual Fecha de adquisición Información codificada de la localización en otra ubicación Total de préstamos Renovaciones totales Signatura topográfica completa Código de barras Fecha visto por última vez Fecha del último préstamo Número de copia Precio válido a partir de Tipo de ítem Koha Fuente de adquisición Coste, precio normal de compra Número de inventario
    Dewey Decimal Classification   Préstamo 5 días   General Ingenieria Agroindustrial Ingenieria Agroindustrial 18/01/2022 1 2 2 541 C3 dia_4388 04/12/2024 21/11/2024 5 18/01/2022 Libro      
    Dewey Decimal Classification   Préstamo interno   General Ingenieria Agroindustrial Ingenieria Agroindustrial 18/01/2022   1   541 C3 dia_1362 29/11/2022 29/11/2022 Ej.1   Libro Compra Librería F. / R. 1126 (23/10/1979) R. 25119 (25/09/1990) 365.00 54030
    Dewey Decimal Classification   Préstamo 5 días   General Ingenieria Agroindustrial Ingenieria Agroindustrial 18/01/2022   1   541 C3 dia_1363 24/10/2022 24/10/2022 Ej.2   Libro Compra Librería F. / R. 1126 (23/10/1979) R. 25119 (25/09/1990) 365.00 54029
    Dewey Decimal Classification   Préstamo 5 días   General Ingenieria Agroindustrial Ingenieria Agroindustrial 18/01/2022 1 4   541 C3 dia_1655 13/05/2025 13/05/2025 3 18/01/2022 Libro      
    Dewey Decimal Classification   Préstamo 5 días   General Ingenieria Agroindustrial Ingenieria Agroindustrial 18/01/2022 1 1   541 C3 dia_1656 07/09/2023 07/09/2023 4 18/01/2022 Libro